Responses for show #4055 - Friday, March 29, 2002

Contestants

Anagha Apte, a student from Los Angeles, California

Sean Keller, a country singer from Sherman Oaks, California

Mary Llewellyn, an engineer from Los Angeles, California (whose 1-day cash winnings total $6,800)

Jeopardy! Round responses

GENERAL KNOWLEDGE
NURSERY RHYME AFTERMATHS
THAT TICKLES!
MIDNIGHT READS
DRAFTED
ANAGRAMMED COUNTRIES
    $200 1
Colin Powell

Anagha
    $200 5
Humpty Dumpty

Sean
    $200 17
bubbles

Mary
    $200 8
Longfellow

Mary
    $200 26
(Anagha: Who is Len Bias?)

Patrick Ewing

Anagha
Triple Stumper
    $200 12
Botswana

Mary
    $400 2
Lafayette

Mary
    $400 6
Georgie Porgie

Sean
    $400 18
the funny bone

Mary
    $400 22
Salman Rushdie

Mary
    $400 27
Elvis

Sean
    $400 13
Bhutan

Mary
    $600 3
Hannibal

Sean
    $600 7
Little Boy Blue

Triple Stumper
    $600 19
pink

Sean
    $600 23
Edgar Allan Poe

Mary
    $600 28
a mule

Sean
    $600 14
Gabon

Mary
    $800 4
Benedict Arnold

Triple Stumper
    $800 9
(Sean: Who is the butcher's wife?)

the farmer's wife

SeanAnagha
    $800 20
fancy

Mary
    $800 24
Midnight Express

Sean
    $800 29
The Declaration of Independence

Sean
    $800 15
Bahrain

Anagha
    $1000 11
Pershing

Mary
    $1000 10
Tom (Tom, the Piper's Son)

Triple Stumper
    $1000 21
Jane Goodall

Sean
    $1000 25
Midnight in the Garden of Good and Evil

Mary
    $1000 30
the Clydesdale

Sean
    $1000 16
Belarus

Anagha

Scores at the first commercial break (after clue 16):

Mary Sean Anagha
$2,800 $400 $2,800

Scores at the end of the Jeopardy! Round:

Mary Sean Anagha
$6,200 $5,600 $2,600

Double Jeopardy! Round responses

GENERAL KNOWLEDGE
THE ALPS
BROADWAY MUSICALS
MACHINES
FEVER
I'M GETTING "HOT"
    $400 4
astronauts

Triple Stumper
    $400 17
(Anagha: What is the Matterhorn?)

Mont Blanc

Anagha
Triple Stumper
    $400 14
Show Boat

Mary
    $400 9
the presses

Anagha
    $400 18
yellow fever

Sean
    $400 1
hot pants

Anagha
    $800 5
October

Mary
    $800 23
Innsbruck

Triple Stumper
    $800 25
(Sean: What is... ahh...)
(Mary: What is Antony and Cleopatra?)
...
(Alex: You hate-a "Aida", Sean.)
(Sean: Do I ever.)

Aida

MarySean
Triple Stumper
    $800 12
a vending machine

Mary
    $800 19
(Sean: What is measles?)

scarlet fever

MarySean
    $800 2
a hot line

Anagha
    $1200 6
Octagon House

Mary
    $100 24
(Mary: I'll bet $100.)
(Alex: What?! $100?!
Serious?)
(Mary: Serious.)
...
(Alex: Anything?)
(Mary: Nope. No idea.)

Liechtenstein

Mary
    $1200 28
Chicago

Sean
    $1200 13
a mainframe

Sean
    $1200 20
hay fever

Mary
    $1200 3
(Alex: And Jimmy was ticked, as you can imagine. Boy, was he upset with Sofia.)
[Laughter]

a hot-foot

Mary
    $1600 7
Endless Summer

Triple Stumper
    $1600 26
(Anagha: What is the Danube?)
(Sean: What is the Rhine?)

the Rhone

SeanAnagha
Triple Stumper
    $1600 29
Mamma Mia!

Anagha
    $1600 15
the Gramophone (flat disk)

Triple Stumper
    $1,000 21
typhoid fever

Mary
    $1600 10
(Sean: Ohh...)
(Alex: Nothing?)

the Hottentots

MarySean
    $2000 8
the vena cava

Mary
    $2000 27
the Jungfrau

Triple Stumper
    $2000 30
P.G. Wodehouse

Mary
    $2000 16
a spinning Jenny

Mary
    $2000 22
rheumatic fever

Mary
    $2000 11
(Sean: What is Hotmail?)

HotBot

SeanAnagha

Scores at the end of the Double Jeopardy! Round:

Mary Sean Anagha
$22,300 $1,600 $5,800
(lock game)

[wagering suggestions for these scores]

Final Jeopardy! Round responses

RECENT FILMS
SeanWhat is Pearl Harbor
$1,599
AnaghaWhat is Pearl Harbor?
$0
MaryWhat is Pearl Harbor?
$0
Pearl Harbor

Final scores:

Mary Sean Anagha
$22,300 $3,199 $5,800
2-day champion: $29,100 3rd place: trip to Florida & stay at the Don CeSar Beach Resort & Spa 2nd place: trip to Grenada & stay a the Spice Island Beach Resort

Game dynamics:

Coryat scores:

Mary Sean Anagha
$23,000 $1,600 $5,800
25 R
(including 2 DDs),
2 W
(including 1 DD)
13 R,
6 W
9 R,
3 W

Combined Coryat: $30,400

The J! Archive is created by fans, for fans. The Jeopardy! game show and all elements thereof, including but not limited to copyright and trademark thereto, are the property of Jeopardy Productions, Inc. and are protected under law. This website is not affiliated with, sponsored by, or operated by Jeopardy Productions, Inc. Join the discussion at JBoard.tv.